EXPORT MANAGEMENT (Record no. 9127)
[ view plain ]
| 000 -LEADER | |
|---|---|
| fixed length control field | 00553nam a22001577a 4500 |
| 003 - CONTROL NUMBER IDENTIFIER | |
| control field | SGT |
| 020 ## - INTERNATIONAL STANDARD BOOK NUMBER | |
| International Standard Book Number | 8170406986 |
| 082 ## - DEWEY DECIMAL CLASSIFICATION NUMBER | |
| Classification number | 658.84, BAL |
| 100 ## - MAIN ENTRY--PERSONAL NAME | |
| Personal name | BALAGOPAL T.A.S. |
| 245 ## - TITLE STATEMENT | |
| Title | EXPORT MANAGEMENT |
| 260 ## - PUBLICATION, DISTRIBUTION, ETC. (IMPRINT) | |
| Place of publication, distribution, etc | NEW DELHI |
| Name of publisher, distributor, etc | HIMALAYA |
| Year of Publication | 1993 |
| 300 ## - PAGE DESCRIPTION | |
| No. of Pages | 352 |
| 650 ## - SUBJECT ADDED ENTRY--TOPICAL TERM | |
| Topical term or geographic name as entry element | MANAGEMENT |
| 653 ## - KEYWORDS--INDEX TERM | |
| Keyword term | ECONOMY AND EXPORT - NEED AND RELEVANCE, INDIA'S EXPORT TRADE, INTERNATIONAL MARKETING, EXPORT MANAGEMENT, EXPORT POLICY,PROMOTION AND REGULATION, EXPORT PRICING, EXPORT FINANCE, EXPORT PROCEDURES, COUNTERTRADE, GLOBALISATION |
| 942 ## - ADDED ENTRY ELEMENTS (KOHA) | |
| Source of classification or shelving scheme | Dewey Decimal Classification |
| Koha item type | FCM Books |
| Withdrawn status | Lost status | Source of classification or shelving scheme | Damaged status | Not for loan | Home library | Current library | Shelving location | Date acquired | Vendor Name | Cost, normal purchase price | SGTU | Total Checkouts | Full call number | Accession No. (Barcode) | Date last seen | Bill Date | Koha item type |
|---|---|---|---|---|---|---|---|---|---|---|---|---|---|---|---|---|---|
| Dewey Decimal Classification | SGT Science & Social Sciences Library | SGT Science & Social Sciences Library | Text Book | 18/06/2016 | DONATE BY DR. SINGH PVC SGT UNIVERSITY | 60.00 | SGTU | 658.84, BAL | CM252 | 18/06/2016 | 18/06/2016 | FCM Books |